Normal view
MARC view
- DAYANAND KUMBAR
Entry Personal Name
001 - CONTROL NUMBER
- control field: 3534
003 - CONTROL NUMBER IDENTIFIER
- control field: OSt
005 - DATE AND TIME OF LATEST TRANSACTION
- control field: 20181001160639.0
008 - FIXED-LENGTH DATA ELEMENTS
- fixed length control field: 181001|| aca||aabn | a|a d
040 ## - CATALOGING SOURCE
- Original cataloging agency: OSt
- Transcribing agency: OSt
100 ## - HEADING--PERSONAL NAME
- Personal name: DAYANAND KUMBAR
670 ## - SOURCE DATA FOUND
- Source citation: Work cat.: (OSt)14923: DAYANAND KUMBAR, Investigations on energy conservation of waste coconut water through an up-flow anaerobic hybrid bioreactor
